[Medzinárodné podnikanie]
Recenzia na publikáciu, ktorá rieši problematiku regionálnej ekonomickej integrácie ako aj otázky priamych zahraničných investícií. Do štruktúry publikácie je začlenená aj aj oblasť medzinárodných financií a menových vzťahov.
Salvato in:
| Autore principale: | |
|---|---|
| Natura: | Capitolo di libro |
| Lingua: | slovacco |
| Soggetti: | |
| Tags: |
Nessun Tag, puoi essere il primo ad aggiungerne!!
|
MARC
| LEADER | 00000naa a2200000 4500 | ||
|---|---|---|---|
| 001 | 0122441 | ||
| 005 | 20240502072402.3 | ||
| 041 | 0 | |a slo | |
| 044 | |a SK | ||
| 245 | 1 | 0 | |a [Medzinárodné podnikanie] |c Božena Chovancová |
| 520 | |a Recenzia na publikáciu, ktorá rieši problematiku regionálnej ekonomickej integrácie ako aj otázky priamych zahraničných investícií. Do štruktúry publikácie je začlenená aj aj oblasť medzinárodných financií a menových vzťahov. | ||
| 610 | 2 | 0 | |a recenzie |
| 610 | 2 | 0 | |a globalizácia |
| 610 | 2 | 0 | |a hospodárstvo svetové |
| 610 | 2 | 0 | |a podnikanie medzinárodné |
| 100 | 1 | |a Chovancová, Božena | |